Statystyki dla Największe Wyspy Dziewicze

Kliknij tutaj aby rozwiązać quiz!

Ogólne statystyki

  • Ten quiz został rozwiązany 540 razy
    (539 od ostatniego zresetowania)
  • Średni wynik to 5 z 6

Odpowiedzi na mapie

Odpowiedzi skodowane kolorowo w zielono-czerwonej skali na mapie do tego quizu, zgodnie z poniższymi procentami.
 

Statystyki odpowiedzi

AreaWyspa% Poprawnych
214 km2Saint Croix
91%
51 km2Saint John
81%
81 km2Saint Thomas
79%
56 km2Tortola
72%
38 km2Anegada
70%
21 km2Virgin Gorda
69%

Rozkład punktacji

Percentyl według liczby udzielonych odpowiedzi

Procent ludzi z każdym wynikiem

Twoja historia wyników

Nie rozwiązałeś tego quizu od ostatniego zresetowania